Personality type of the first year AB and BSE English students of University of Rizal System Tanay, school year 2013-2014 / (Record no. 73203)
[ view plain ]
| 000 -LEADER | |
|---|---|
| fixed length control field | 01340nam a22002777i 4500 |
| 050 14 - LIBRARY OF CONGRESS CALL NUMBER | |
| Classification number | BF 698.3 |
| Item number | M41 2015 |
| 003 - CONTROL NUMBER IDENTIFIER | |
| control field | URS |
| 005 - DATE AND TIME OF LATEST TRANSACTION | |
| control field | 20240412231316.0 |
| 008 - FIXED-LENGTH DATA ELEMENTS--GENERAL INFORMATION | |
| fixed length control field | 180125b xxu||||| |||| 00| 0 eng d |
| 100 1# - MAIN ENTRY--PERSONAL NAME | |
| Personal name | Mata, Francis Ray M. |
| Relator term | author |
| 260 #1 - PUBLICATION, DISTRIBUTION, ETC. | |
| Date of publication, distribution, etc. | 2015. |
| 245 10 - TITLE STATEMENT | |
| Title | Personality type of the first year AB and BSE English students of University of Rizal System Tanay, school year 2013-2014 / |
| Statement of responsibility, etc. | Franciss Ray M. Mata, Judlan C. Sanga. |
| 300 ## - PHYSICAL DESCRIPTION | |
| Extent | xiii, 55 leaves : |
| Other physical details | illustrations (some color) ; |
| Dimensions | 28 cm |
| 336 ## - CONTENT TYPE | |
| Source | rdacontent |
| Content type term | text |
| 337 ## - MEDIA TYPE | |
| Source | rdamedia |
| Media type term | unmediated |
| 338 ## - CARRIER TYPE | |
| Source | rdacarrier |
| Carrier type term | volume |
| 502 ## - DISSERTATION NOTE | |
| Dissertation note | Thesis |
| Degree type | A.B. English |
| Name of granting institution | University of Rizal System |
| Year degree granted | 2015 |
| 504 ## - BIBLIOGRAPHY, ETC. NOTE | |
| Bibliography, etc. note | Includes bibliographical references. |
| 520 ## - SUMMARY, ETC. | |
| Summary, etc. | The research utilized the descriptive method of research to ascertain its purpose. the frequency and the percentage were used in the interpretation of the gathered data those who belong to BSE English Major are extrovert as to school classification. |
| 610 10 - SUBJECT ADDED ENTRY--CORPORATE NAME | |
| Corporate name or jurisdiction name as entry element | University of Rizal System |
| Subordinate unit | Tanay Campus |
| General subdivision | Undergraduates |
| 650 #0 - SUBJECT ADDED ENTRY--TOPICAL TERM | |
| Topical term or geographic name entry element | College students |
| General subdivision | Personality |
| 700 1# - ADDED ENTRY--PERSONAL NAME | |
| Personal name | Sanga, Judian C. |
| Relator term | author |
| 700 1# - ADDED ENTRY--PERSONAL NAME | |
| Personal name | Marquez, Ma. Heidee P. |
| Relator term | degree supervisor |
| 856 ## - ELECTRONIC LOCATION AND ACCESS | |
| Materials specified | Online Request for Student Unpublished Works |
| Uniform Resource Identifier | <a href="https://forms.gle/7LqvGGkaDrUQqz429">https://forms.gle/7LqvGGkaDrUQqz429</a> |
| 942 ## - ADDED ENTRY ELEMENTS (KOHA) | |
| Source of classification or shelving scheme | Library of Congress Classification |
| Koha item type | Theses and dissertations |
No items available.